La reforma monetaria en el IV Informe Presidencial /
Tallennettuna:
| Päätekijä: | |
|---|---|
| Aineistotyyppi: | Teksti |
| Aiheet: | |
| Tagit: |
Lisää tagi
Ei tageja, Lisää ensimmäinen tagi!
|
MARC
| LEADER | 00000 a a2200000 04500 | ||
|---|---|---|---|
| 001 | 45869 | ||
| 003 | |||
| 040 | |a CRAI/IIS |c CRAI/IIS | ||
| 100 | |a Marique Campos, Irma | ||
| 245 | |a La reforma monetaria en el IV Informe Presidencial / |c Irma Manrique Campos | ||
| 650 | |a ECONOMIA | ||
| 650 | |a MEXICO | ||
| 773 | |g número65 (1993), páginas 8-10 | ||
| 999 | |c 17902 |d 17902 | ||
